000 01819cam a22004457a 4500
003 CHAP
005 20220329142132.0
008 991011d1998 mx rs o00110 spa d
010 _a78998
011 _a79970
020 _a970-13-2270-3
020 _a970-13-2338-6
020 _a970-13-2344-0
020 _a9701323440
035 _a90407
040 _cCHAP
082 0 4 _a338.972
_bI59 1998 Zac.
110 2 _aInstituto Nacional de Estadística, Geografía e Informática. México
_959304
245 1 0 _aCuaderno estadístico municipal :
_bZacatecas
_c/por Instituto Nacional de Estadística, Geografía e Informática
260 _aAguascalientes, Ags. :
_bInstituto Nacional de Estadística, Geografía e Informática,
_c1999.
300 _av.
500 _aLa biblioteca tiene : v.1 Jalpa.--v.2 Tlaltenango de Sánchez Román.--v.3 Valparaiso --
590 _aBATCH-UPD
_b10
_c20130110
_lUCH01
_h0138
590 _aBATCH-UPD
_b10
_c20130110
_lUCH01
_h1204
590 _aBATCH-UPD
_b10
_c20130409
_lUCH01
_h2136
590 _aBATCH-UPD
_b10
_c20130410
_lUCH01
_h0745
590 _aBATCH-UPD
_b10
_c20130913
_lUCH01
_h2045
590 _aCONVERSION
_b10
_c20130109
_lUCH01
_h1344
650 1 4 _aAgricultura
_xEstadísticas
_zZacatecas.
_91473
650 1 4 _aGanadería
_xEstadísticas
_zZacatecas.
_944732
650 1 4 _aZacatecas
_xCondiciones económicas.
_9123402
650 1 4 _aZacatecas
_xCondiciones sociales.
_9123404
650 1 4 _aZacatecas
_xEstadísticas.
_9123407
901 _aBK
905 _aLilia Sánchez G.
942 _cLIBRO
949 _a338.972 I59 1998 Zac.
_bBC
_cINEGI
_d33724000743498
_eINEGI
_fv.3
_h96511
_i90407
_sb
949 _a338.972 I59 1998 Zac.
_bBC
_cINEGI
_d33724000743506
_eINEGI
_fv.2
_h96510
_i90407
_sb
949 _a338.972 I59 1998 Zac.
_bBC
_cINEGI
_d33724000743514
_eINEGI
_fv.1
_h96509
_i90407
_sb
999 _c78998
_d78998